000 01328nam0a22002771 4500
001 rc\4115354
005 20250611001011.0
021 _aRU
_b[56-63827]
035 _a(NLR Aleph) 007979473
090 _a8510747
_c8510747
100 _a20130415d1956 |||y0rusy50 ca
101 1 _arus
_cpol
102 _aRU
105 _aa z |||a|
200 1 _aКомедии
_eПер. с пол.
_f[Сост., ред. переводов, вступ. статья, с. 3-26, и примеч. К. Державина]
210 _aМосква
_cИскусство
_d1956
215 _a504 с., 13 л. ил.
_d23
327 1 _aСодерж.: Пан Гельдхаб; Муж и жена; Дамы и гусары; Пан Иовяльский; Месть; Великий человек на малые дела
464 0 _12001#$aПан Гельдхаб$aМуж и жена$aДамы и гусары$aПан Иовяльский$aМесть$aВеликий человек на малые дела
_tВеликий человек на малые дела
700 1 _aФредро
_bА.
_f1793-1876
_gАлександр
702 1 _aДержавин
_bК.Н.
_gКонстантин Николаевич
_4220
_4340
_4080
_4212
801 0 _aRU
_bNLR
_gpsbo
801 1 _aRU
_bELAR
_2rusmarc
852 _aNLR
_jЛ60 Г-5/156
942 _cBOOK
980 _aNB